New tourism ventures :an entrepreneurial and managerial approach / (Record no. 3178)

000 -LEADER
fixed length control field 01057cam a22003014a 4500
001 - CONTROL NUMBER
control field 15488449
003 - CONTROL NUMBER IDENTIFIER
control field OSt
005 - DATE AND TIME OF LATEST TRANSACTION
control field 20160906160719.0
008 - FIXED-LENGTH DATA ELEMENTS--GENERAL INFORMATION
fixed length control field 081017s2008 sa a b 001 0 eng
010 ## - LIBRARY OF CONGRESS CONTROL NUMBER
LC control number 2008435775
020 ## - INTERNATIONAL STANDARD BOOK NUMBER
International Standard Book Number 9780702177262 (pbk.)
020 ## - INTERNATIONAL STANDARD BOOK NUMBER
International Standard Book Number 0702177261 (pbk.)
040 ## - CATALOGING SOURCE
Original cataloging agency DLC
Transcribing agency DLC
043 ## - GEOGRAPHIC AREA CODE
Geographic area code f-sa---
050 00 - LIBRARY OF CONGRESS CALL NUMBER
Classification number G155.N46 2008
245 00 - TITLE STATEMENT
Title New tourism ventures :an entrepreneurial and managerial approach /
Statement of responsibility, etc edited by Dimitri Tassiopoulos.
260 ## - PUBLICATION, DISTRIBUTION, ETC. (IMPRINT)
Place of publication, distribution, etc Cape Town, South Africa :
Name of publisher, distributor, etc Juta,
Date of publication, distribution, etc 2008.
300 ## - PHYSICAL DESCRIPTION
Extent xxx, 514 p. :
Other physical details ill. ;
Dimensions 25 cm.
504 ## - BIBLIOGRAPHY, ETC. NOTE
Bibliography, etc Includes bibliographical references (p. 469-501) and index.
650 #0 - SUBJECT ADDED ENTRY--TOPICAL TERM
Topical term or geographic name as entry element Tourism
Geographic subdivision South Africa
General subdivision Planning.
650 #0 - SUBJECT ADDED ENTRY--TOPICAL TERM
Topical term or geographic name as entry element Tourism
Geographic subdivision South Africa
General subdivision Management.
650 #0 - SUBJECT ADDED ENTRY--TOPICAL TERM
Topical term or geographic name as entry element Entrepreneurship
Geographic subdivision South Africa.
650 #0 - SUBJECT ADDED ENTRY--TOPICAL TERM
Topical term or geographic name as entry element Small business
Geographic subdivision South Africa
General subdivision Management.
700 1# - ADDED ENTRY--PERSONAL NAME
Personal name Tassiopoulos, Dimitri.
906 ## - LOCAL DATA ELEMENT F, LDF (RLIN)
a 7
b cbc
c origres
d 3
e ncip
f 20
g y-gencatlg
942 ## - ADDED ENTRY ELEMENTS (KOHA)
Source of classification or shelving scheme
Koha item type Book
Holdings
Withdrawn status Lost status Source of classification or shelving scheme Damaged status Not for loan Home library Current library Shelving location Date acquired Total Checkouts Full call number Barcode Date last seen Copy number Price effective from Koha item type
          Riara University Library Riara University Library General stack 06/09/2016   G155.N46 2008 7738/16 06/09/2016 C.1 06/09/2016 Book

Riara University Library,
P.O. Box 49940-00100,
Nairobi, Kenya.